| 000 | 00394 a2200157 4500 | ||
|---|---|---|---|
| 001 | 57534 | ||
| 020 | _a9780071139144 | ||
| 082 | _a330 SAM | ||
| 090 |
_c35264 _d35264 |
||
| 100 |
_aPaul A Samuelson _aPaul A Samuelson |
||
| 245 |
_aEconomics /5Ed _cPaul A Samuelson _hEnglish |
||
| 250 | _a5th | ||
| 260 |
_aUSA _bMc graw Hill _c1995 |
||
| 300 | _axxxvii 789 p | ||
| 600 | _aWilliam D Nordhaus | ||
| 942 |
_aNUST-CAE _k330 SAM |
||
| 999 |
_c292607 _d292607 |
||